Friendships of 'largeness and freedom' Andrews, Tagore, and Gndhi : (Record no. 155898)

MARC details
000 -LEADER
fixed length control field 00669nam a22001817a 4500
005 - DATE AND TIME OF LATEST TRANSACTION
control field 20180814141729.0
010 ## - LCCN (DPL NO)
LC control number ENG-123727
020 ## - INTERNATIONAL STANDARD BOOK NUMBER
International Standard Book Number 9780199091690
Terms of availability 1495.00
035 ## - SYSTEM CONTROL NUMBER
System control number EN-107259
037 ## - SOURCE OF ACQUISITION
Source of stock number/acquisition DBAD/PUB
082 ## - DEWEY DECIMAL CLASSIFICATION NUMBER
Classification number 494.0840922
245 ## - TITLE STATEMENT
Title Friendships of 'largeness and freedom' Andrews, Tagore, and Gndhi :
Statement of responsibility, etc ed. by Uma Das Gupta
Remainder of title an epistolary account, 1912-1940 /
260 ## - PUBLICATION, DISTRIBUTION, ETC. (IMPRINT)
Date of publication, distribution, etc 2018
Place of publication, distribution, etc New Delhi
Name of publisher, distributor, etc Oxford University Press
270 ## - ADDRESS
Address YMCA Library Building, 1 Jai Singh Road,
City New Delhi
Postal code 110001
300 ## - PHYSICAL DESCRIPTION
Dimensions 24cm(pbk)
Extent xc,502p.
500 ## - GENERAL NOTE
General note It include appendix, bibliography and index
942 ## - ADDED ENTRY ELEMENTS (KOHA)
Item type English Books
Source of classification or shelving scheme Dewey Decimal Classification
Call number suffix FRI
Classification part 954.0840922
Holdings
Withdrawn status Lost status Not for loan Collection code Home library Current library Date acquired Source of acquisition Cost, normal purchase price Full call number Barcode Copy number Cost, replacement price Koha item type
    Not For Loan Non-fiction D.B.Act.Division Bawana 14/08/2018 DBAD/PUB 1495.00 954.0840922 FRI EN-107259 1 1495.00 English Books

© Delhi Public Library
Hit Counter
free hit counter